[Event "?"]
[Site "?"]
[Date "????.??.??"]
[Round "?"]
[White "Sundararajan, K."]
[Black "Wichmann, C."]
[Result "1/2-1/2"]
[WhiteElo "2424"]
[BlackElo "2361"]
[PlyCount "60"]
[EventDate "2014.??.??"]

1. b3 e5 2. Bb2 Nc6 3. e3 Nf6 4. Bb5 Bd6 5. Ne2 O-O 6. O-O e4 7. Ng3 Be5 8. Qc1
Re8 9. d4 exd3 10. cxd3 Ng4 11. Bxe5 Ncxe5 12. d4 Ng6 13. Nd2 c6 14. Bd3 d5 15.
b4 Bd7 16. Rb1 a6 17. a4 Rc8 18. Qd1 Nh4 19. Nf3 Qf6 20. h3 Nxf3+ 21. Qxf3 Qxf3
22. gxf3 Nf6 23. Kg2 g6 24. Rfc1 Kf8 25. Nf1 Nh5 26. Nd2 Ng7 27. b5 cxb5 28.
axb5 axb5 29. Rxc8 Rxc8 30. Bxb5 Bf5 1/2-1/2

[Event "?"]
[Site "?"]
[Date "????.??.??"]
[Round "?"]
[White "Berkes, F."]
[Black "Koop, T."]
[Result "1-0"]
[WhiteElo "2658"]
[BlackElo "2194"]
[PlyCount "49"]
[EventDate "2014.??.??"]

1. d4 Nf6 2. c4 g6 3. Nc3 d5 4. cxd5 Nxd5 5. e4 Nxc3 6. bxc3 Bg7 7. Bc4 c5 8.
Ne2 O-O 9. O-O Nc6 10. Be3 Bd7 11. Qd2 Qc7 12. Bd3 b5 13. Bxb5 Nxd4 14. cxd4
Bxb5 15. Rac1 Rfd8 16. d5 Qe5 17. f3 f5 18. Rxc5 Bxe2 19. Qxe2 fxe4 20. Qc4 Rd6
21. fxe4 h5 22. Rc6 Rf8 23. Rxf8+ Kxf8 24. Rc5 Qf6 25. Rc8+ 1-0

[Event "?"]
[Site "?"]
[Date "????.??.??"]
[Round "?"]
[White "Heck, N."]
[Black "Zakhartsov, V."]
[Result "0-1"]
[WhiteElo "2239"]
[BlackElo "2548"]
[PlyCount "56"]
[EventDate "2014.??.??"]

1. c4 Nf6 2. g3 e5 3. Bg2 d5 4. cxd5 Nxd5 5. Nc3 Nb6 6. Nf3 Nc6 7. d3 Be7 8.
O-O O-O 9. a3 Be6 10. b4 a5 11. b5 Nd4 12. Rb1 f6 13. Bb2 a4 14. Nxd4 exd4 15.
Ne4 Ra5 16. Nd2 Rxb5 17. Bxb7 Qd7 18. Bg2 Ba2 19. Ra1 Rxb2 20. Qc1 Rxd2 21.
Qxd2 Bb3 22. Rfc1 Nd5 23. e3 dxe3 24. fxe3 f5 25. e4 Nb6 26. Qc3 Bg5 27. Re1
fxe4 28. dxe4 Bd2 0-1

[Event "?"]
[Site "?"]
[Date "????.??.??"]
[Round "?"]
[White "Barthel, A."]
[Black "Teske, H."]
[Result "0-1"]
[WhiteElo "2216"]
[BlackElo "2505"]
[PlyCount "92"]
[EventDate "2014.??.??"]

1. e4 c5 2. Nf3 e6 3. b3 Nc6 4. Bb2 Nge7 5. Nc3 a6 6. d4 cxd4 7. Nxd4 b5 8.
Nxc6 Nxc6 9. Bd3 Bc5 10. O-O Bb7 11. Ne2 O-O 12. Ng3 Rc8 13. e5 Nb4 14. Be4
Bxe4 15. Nxe4 Be7 16. Nf6+ Kh8 17. c3 Nc6 18. Ng4 d6 19. exd6 Bxd6 20. Ne3 Qc7
21. Qh5 Be5 22. Ng4 g6 23. Qh4 Bg7 24. Nf6 h5 25. c4 bxc4 26. bxc4 Ne7 27. Rac1
Nf5 28. Qg5 Rfd8 29. h3 Nd4 30. Rfe1 Qe7 31. Ne4 Qb4 32. Bc3 Qxc4 33. Kh1 Qxa2
34. Bxd4 Bxd4 35. Nf6 Bxf6 36. Qxf6+ Kg8 37. Ra1 Qc4 38. Ra5 Rd5 39. Re5 Rxa5
40. Rxa5 Qc1+ 41. Kh2 Qc7+ 42. Re5 Qd8 43. Qf4 Qd6 44. Qf6 Rc5 45. f4 Rxe5 46.
fxe5 Qd4 0-1

[Event "?"]
[Site "?"]
[Date "????.??.??"]
[Round "?"]
[White "Akesson, R."]
[Black "Vogel, J."]
[Result "1-0"]
[WhiteElo "2466"]
[BlackElo "2224"]
[PlyCount "63"]
[EventDate "2014.??.??"]

1. d4 d5 2. c4 c6 3. Nc3 Nf6 4. e3 g6 5. Nf3 Bg7 6. Bd3 O-O 7. O-O Bg4 8. h3
Bxf3 9. Qxf3 e6 10. Rd1 Nbd7 11. b3 Qa5 12. Bd2 Qc7 13. Rac1 Qd6 14. Qe2 a6 15.
Be1 Rfe8 16. c5 Qc7 17. f4 Nh5 18. g4 Nxf4 19. Qh2 e5 20. exf4 exf4 21. Bf2 g5
22. h4 h6 23. hxg5 hxg5 24. Qh7+ Kf8 25. Qf5 Nf6 26. Re1 Rxe1+ 27. Rxe1 Qa5 28.
Rc1 Re8 29. Rc2 Qb4 30. Kg2 Nxg4 31. Qxg4 Bxd4 32. a3 1-0

[Event "?"]
[Site "?"]
[Date "????.??.??"]
[Round "?"]
[White "Farago, I."]
[Black "Namyslo, H."]
[Result "1-0"]
[WhiteElo "2443"]
[BlackElo "2211"]
[PlyCount "61"]
[EventDate "2014.??.??"]

1. d4 d5 2. c4 e6 3. Nf3 Nf6 4. Nc3 c6 5. e3 Nbd7 6. Qc2 Bd6 7. Bd3 O-O 8. O-O
dxc4 9. Bxc4 a6 10. Rd1 b5 11. Bd3 Qc7 12. Bd2 c5 13. Ne4 cxd4 14. Nxd6 Qxd6
15. Nxd4 Bb7 16. Be2 Rfc8 17. Qb3 Qd5 18. f3 Nb6 19. Qxd5 Bxd5 20. b3 g6 21. e4
Bb7 22. Bg5 Kg7 23. Rd2 Rc3 24. Rad1 Rac8 25. Bf4 Rc1 26. Rxc1 Rxc1+ 27. Kf2
Bxe4 28. Be3 Bd5 29. Nxb5 axb5 30. Rxd5 Rc2 31. Rd2 1-0

[Event "?"]
[Site "?"]
[Date "????.??.??"]
[Round "?"]
[White "Gutman, L."]
[Black "Grigorian, S."]
[Result "1/2-1/2"]
[WhiteElo "2438"]
[BlackElo "2183"]
[PlyCount "35"]
[EventDate "2014.??.??"]

1. d4 Nf6 2. Nf3 e6 3. g3 b5 4. Bg2 Bb7 5. O-O c5 6. c3 Na6 7. Na3 Nc7 8. Nc2
Be7 9. a4 a6 10. dxc5 Bxc5 11. Be3 Bxe3 12. Nxe3 O-O 13. Qd4 Qb8 14. Ng4 Ncd5
15. Nfe5 d6 16. Nxf6+ Nxf6 17. Nf3 Bd5 18. a5 1/2-1/2

[Event "?"]
[Site "?"]
[Date "????.??.??"]
[Round "?"]
[White "Peredy, F."]
[Black "Fogarasi, T."]
[Result "1/2-1/2"]
[WhiteElo "2210"]
[BlackElo "2392"]
[PlyCount "84"]
[EventDate "2014.??.??"]

1. d4 Nf6 2. Nf3 c5 3. d5 g6 4. Nc3 d6 5. e4 Bg7 6. Be2 O-O 7. O-O Na6 8. h3
Nc7 9. Nd2 e6 10. dxe6 Bxe6 11. a4 d5 12. exd5 Ncxd5 13. Nxd5 Bxd5 14. Nc4 Qc7
15. Be3 Rad8 16. Qc1 Qc6 17. Ne5 Qe6 18. Nd3 b6 19. Re1 Bb7 20. Bh6 Qd6 21. Bf4
Qd7 22. Ne5 Qc8 23. Bc4 Bd5 24. Bxd5 Rxd5 25. Ng4 Rd4 26. b3 Qf5 27. Be5 Ne4
28. f4 Bxe5 29. Nxe5 Nf6 30. Nc6 Qxf4 31. Nxd4 Qxd4+ 32. Qe3 Qh4 33. Rad1 Nh5
34. Qe7 Qg3 35. Re3 Qf4 36. Rf1 Qd4 37. Qe4 Qd2 38. Re2 Qd7 39. c4 Ng7 40. Qd5
Qc7 41. Qe5 Qd7 42. Qd5 Qe7 1/2-1/2

[Event "?"]
[Site "?"]
[Date "????.??.??"]
[Round "?"]
[White "Löwe, L."]
[Black "Enchev, I."]
[Result "1/2-1/2"]
[WhiteElo "2216"]
[BlackElo "2392"]
[PlyCount "51"]
[EventDate "2014.??.??"]

1. e4 e5 2. Nf3 Nc6 3. Bb5 a6 4. Bxc6 dxc6 5. O-O f6 6. d4 Bg4 7. dxe5 Qxd1 8.
Rxd1 fxe5 9. Rd3 Bd6 10. Nbd2 Nf6 11. Nc4 Nxe4 12. Nfxe5 Bf5 13. g4 Be6 14. Re3
Nf6 15. Nxc6 Bxh2+ 16. Kg2 Kd7 17. N6e5+ Bxe5 18. Nxe5+ Kc8 19. Bd2 b6 20. c4
Kb7 21. Bc3 Nxg4 22. Nxg4 Bxg4 23. Bxg7 Rhe8 24. Rae1 Rxe3 25. Rxe3 Bh5 26. Re7
1/2-1/2

[Event "?"]
[Site "?"]
[Date "????.??.??"]
[Round "?"]
[White "Zwahr, P."]
[Black "Schnoor, E."]
[Result "1-0"]
[WhiteElo "2362"]
[BlackElo "2165"]
[PlyCount "59"]
[EventDate "2014.??.??"]

1. e4 Nf6 2. e5 Nd5 3. d4 d6 4. Nf3 dxe5 5. Nxe5 c6 6. Be2 Bf5 7. O-O Nd7 8.
Nf3 e6 9. a3 Bd6 10. Re1 h6 11. c4 N5f6 12. Bd3 Bxd3 13. Qxd3 O-O 14. Nc3 a5
15. g3 Qb8 16. Qe2 Qa7 17. Be3 Qa6 18. Rad1 a4 19. Bc1 Bc7 20. Ne5 Rfd8 21. f4
Nb6 22. Rf1 Nfd7 23. Qh5 f6 24. Qf7+ Kh8 25. Ng6+ Kh7 26. f5 exf5 27. Bxh6 Rg8
28. Ne7 Qxc4 29. Qg6+ Kh8 30. Be3 1-0

[Event "?"]
[Site "?"]
[Date "????.??.??"]
[Round "?"]
[White "Bräuer, F."]
[Black "Büchmann, O."]
[Result "1-0"]
[WhiteElo "2317"]
[BlackElo "2117"]
[PlyCount "107"]
[EventDate "2014.??.??"]

1. e4 c6 2. d4 d5 3. Nc3 dxe4 4. Nxe4 Bf5 5. Ng3 Bg6 6. h4 h6 7. Nh3 e6 8. Nf4
Bh7 9. Bc4 Bd6 10. c3 Nf6 11. Qf3 O-O 12. Bd2 Nbd7 13. Nfh5 Bxg3 14. Nxf6+ Qxf6
15. fxg3 Qxf3 16. gxf3 e5 17. Be3 exd4 18. Bxd4 Rfe8+ 19. Kf2 Ne5 20. Bxe5 Rxe5
21. Rhd1 Re7 22. Rd6 Rae8 23. Rad1 Kf8 24. g4 Re5 25. R1d2 Bg6 26. h5 Bh7 27.
f4 Re3 28. Rd7 R3e7 29. f5 Rxd7 30. Rxd7 Re7 31. Rd8+ Re8 32. Rd7 Re7 33. Rd6
Re4 34. Bd3 Rxg4 35. f6 gxf6 36. Bxh7 Rh4 37. Kg3 Rxh5 38. Be4 Ke7 39. Rd2 Ra5
40. a3 f5 41. Bb1 Kf6 42. Kf4 Kg6 43. Rd7 Ra4+ 44. Kf3 b6 45. Rd4 Rxd4 46. cxd4
Kg5 47. b4 a5 48. bxa5 bxa5 49. Bc2 Kf6 50. Ba4 c5 51. dxc5 Ke5 52. Bb3 h5 53.
Bxf7 h4 54. c6 1-0

[Event "?"]
[Site "?"]
[Date "????.??.??"]
[Round "?"]
[White "Bohn, U."]
[Black "Osmanodja, F."]
[Result "0-1"]
[WhiteElo "2167"]
[BlackElo "2295"]
[PlyCount "62"]
[EventDate "2014.??.??"]

1. e4 c5 2. c3 Nf6 3. e5 Nd5 4. Bc4 e6 5. d4 d6 6. Nf3 cxd4 7. Bxd5 exd5 8.
Qxd4 Be6 9. Bg5 Qd7 10. exd6 Nc6 11. Qe3 Bxd6 12. Bf4 O-O 13. Bxd6 Qxd6 14. Na3
Rae8 15. Nb5 Qd7 16. O-O-O Nb4 17. Nbd4 Bf5 18. Qf4 Nd3+ 19. Rxd3 Bxd3 20. Ne5
Qc8 21. Nxd3 Re4 22. Nf5 Qd7 23. Qf3 Rc8 24. Kb1 a5 25. Rd1 Qe6 26. Nd4 Qb6 27.
Qf5 Rxc3 28. Nf3 Rc7 29. Qxd5 Re8 30. Qxa5 Qd6 31. Qa4 Qxd3+ 0-1

[Event "?"]
[Site "?"]
[Date "????.??.??"]
[Round "?"]
[White "Hart, M."]
[Black "Vogel, R."]
[Result "0-1"]
[WhiteElo "2155"]
[BlackElo "2279"]
[PlyCount "106"]
[EventDate "2014.??.??"]

1. e4 c5 2. d3 Nc6 3. g3 g6 4. Bg2 Bg7 5. f4 d6 6. Nf3 e6 7. c3 Nge7 8. Be3 O-O
9. O-O b6 10. Bf2 d5 11. e5 Ba6 12. Re1 Qd7 13. Na3 Rac8 14. Qd2 d4 15. c4 Nf5
16. Nc2 b5 17. b3 bxc4 18. bxc4 f6 19. g4 Nfe7 20. exf6 Bxf6 21. Qe2 Nd8 22.
Nd2 Nec6 23. Bg3 Be7 24. Rab1 Bb7 25. Ne4 Ba8 26. h4 Nf7 27. Rb5 Ncd8 28. h5
Nh6 29. hxg6 hxg6 30. Ng5 Bxg2 31. Kxg2 Qc6+ 32. Ne4 Nf5 33. Rh1 Nxg3 34. Kxg3
Qc7 35. Rf1 g5 36. Qd2 Nc6 37. Nxc5 gxf4+ 38. Kh3 Bxc5 39. Rxc5 e5 40. Kg2 Qg7
41. Qe2 Ne7 42. Rxc8 Nxc8 43. Nb4 Ne7 44. Nd5 Nf5 45. Rg1 Ne3+ 46. Nxe3 f3+ 47.
Qxf3 Rxf3 48. Kxf3 dxe3 49. Re1 Qf6+ 50. Kxe3 Qf4+ 51. Ke2 Qxg4+ 52. Kd2 Qd4
53. Kc2 Qf2+ 0-1

[Event "?"]
[Site "?"]
[Date "????.??.??"]
[Round "?"]
[White "Bassetti, D."]
[Black "Turikov, V."]
[Result "1/2-1/2"]
[WhiteElo "1965"]
[BlackElo "2256"]
[PlyCount "104"]
[EventDate "2014.??.??"]

1. Nf3 b6 2. g3 Bb7 3. Bg2 c5 4. O-O Nf6 5. c4 g6 6. Nc3 Bg7 7. b3 O-O 8. Bb2
d6 9. d3 Nbd7 10. Qc2 Qc7 11. Rfd1 a6 12. a3 Rfd8 13. Rac1 e5 14. e4 Nf8 15.
Nd5 Nxd5 16. cxd5 Bc8 17. Bc3 f5 18. Bd2 h6 19. b4 Qf7 20. bxc5 bxc5 21. Ba5
Re8 22. Rb1 Nh7 23. Nd2 Bf8 24. Rb6 Be7 25. Nc4 Qf8 26. Qa4 Nf6 27. Qb3 Kg7 28.
Qb2 Ra7 29. Bc3 Kh7 30. Rb1 Bd7 31. Rb7 Rxb7 32. Qxb7 Bc8 33. Qa7 Kg8 34. Rb6
fxe4 35. dxe4 Bd7 36. Qxa6 Ra8 37. Qb7 Ra4 38. Nxe5 dxe5 39. Bxe5 Be8 40. Re6
Ng4 41. f4 Nxe5 42. Rxe7 Nd7 43. d6 Rxa3 44. Qb2 Rd3 45. e5 c4 46. Bf1 Nc5 47.
Bxd3 Nxd3 48. Qc3 Bb5 49. Rb7 Qa8 50. Rxb5 Qa7+ 51. Kg2 Qa8+ 52. Kg1 Qa7+
1/2-1/2

[Event "?"]
[Site "?"]
[Date "????.??.??"]
[Round "?"]
[White "Dann, M."]
[Black "Martin, J."]
[Result "0-1"]
[WhiteElo "2464"]
[BlackElo "2052"]
[PlyCount "55"]
[EventDate "2014.??.??"]

1. c4 Nf6 2. Nf3 e6 3. Nc3 b6 4. e4 Bb7 5. e5 Ne4 6. Bd3 Ng5 7. Be2 c5 8. d4
Nxf3+ 9. Bxf3 Bxf3 10. Qxf3 Nc6 11. d5 Nxe5 12. Qe4 Ng6 13. h4 Rc8 14. h5 Ne7
15. g4 f5 16. Qe2 fxg4 17. Bg5 Qc7 18. O-O-O d6 19. dxe6 Nc6 20. Nb5 Qb8 21. e7
Nd4 22. Rxd4 cxd4 23. exf8=Q+ Kxf8 24. Qe7+ Kg8 25. Qe6+ Kf8 26. Be7+ Ke8 27.
Bxd6+ Kd8 28. Qe7# 0-1

[Event "?"]
[Site "?"]
[Date "????.??.??"]
[Round "?"]
[White "Oehl, T."]
[Black "Langheinrich, F."]
[Result "0-1"]
[WhiteElo "2120"]
[BlackElo "2439"]
[PlyCount "104"]
[EventDate "2014.??.??"]

1. Nf3 d5 2. g3 c6 3. Bg2 Nf6 4. O-O Bg4 5. d3 Nbd7 6. h3 Bxf3 7. exf3 e6 8. c4
Be7 9. Nc3 O-O 10. f4 Nb6 11. b3 a5 12. Qc2 g6 13. Bd2 Qb8 14. Be3 Qd8 15. Ne2
Ra6 16. c5 Nbd7 17. Bd4 b6 18. cxb6 c5 19. Bc3 Qxb6 20. Rac1 d4 21. Bd2 Qa7 22.
g4 a4 23. Rb1 axb3 24. axb3 Ra2 25. Rb2 Rxb2 26. Qxb2 Qa6 27. Qc2 Rb8 28. Ng3
Qb6 29. Rb1 Bf8 30. f5 exf5 31. gxf5 Bd6 32. fxg6 hxg6 33. Bg5 Qa5 34. Ne4 Nxe4
35. Bxe4 c4 36. Bh4 Qh5 37. Bg3 Bxg3 38. fxg3 Qxh3 39. Qxc4 Qxg3+ 40. Kf1 Qf4+
41. Kg2 Qd2+ 42. Kg3 Qe3+ 43. Kg2 Nf6 44. Rf1 Qg5+ 45. Kh1 Kg7 46. Rf2 Rh8+ 47.
Rh2 Rxh2+ 48. Kxh2 Qe5+ 49. Kg1 Nxe4 50. dxe4 Qxe4 51. b4 Qe3+ 52. Kh1 Qc3 0-1

[Event "?"]
[Site "?"]
[Date "????.??.??"]
[Round "?"]
[White "Hansch, T."]
[Black "Schütze, N."]
[Result "0-1"]
[WhiteElo "2117"]
[BlackElo "2284"]
[PlyCount "34"]
[EventDate "2014.??.??"]

1. d4 Nf6 2. c4 e6 3. Nf3 d5 4. Bg5 h6 5. Bxf6 Qxf6 6. e3 c6 7. Nc3 Nd7 8. Bd3
Bd6 9. O-O Qe7 10. a3 O-O 11. b4 dxc4 12. Bxc4 a5 13. b5 Bxa3 14. bxc6 bxc6 15.
Qa4 Bb2 16. Qxc6 Bxa1 17. Rxa1 Rb8 0-1

[Event "?"]
[Site "?"]
[Date "????.??.??"]
[Round "?"]
[White "Eskandary, J."]
[Black "Müller, M."]
[Result "0-1"]
[WhiteElo "2116"]
[BlackElo "2246"]
[PlyCount "128"]
[EventDate "2014.??.??"]

1. e4 c5 2. Nc3 Nc6 3. Bc4 e6 4. d3 Nf6 5. Bf4 d6 6. a3 Be7 7. Ba2 e5 8. Bd2
Be6 9. Bxe6 fxe6 10. Nf3 O-O 11. O-O Qe8 12. Ng5 Nd8 13. f4 exf4 14. Bxf4 h6
15. Nh3 e5 16. Bd2 Ne6 17. Ne2 Nh5 18. Rxf8+ Bxf8 19. Qf1 Rc8 20. b3 Rc7 21.
Qf3 Rf7 22. Qg4 Rf6 23. Rf1 Rg6 24. Qf3 Be7 25. Nc3 Nd4 26. Qd1 Nf6 27. Kh1 Qd7
28. Nf2 Qe6 29. a4 a6 30. Be3 Bd8 31. Nb1 d5 32. c3 dxe4 33. cxd4 exd4 34. dxe4
Bc7 35. Bxd4 cxd4 36. Qxd4 Qxb3 37. Nd2 Qe6 38. Qc4 Qxc4 39. Nxc4 Rg5 40. Re1
b5 41. axb5 axb5 42. Nb2 Bb6 43. Nfd3 Kf7 44. g3 Bd4 45. Kg2 Ng4 46. Nd1 Ne5
47. Nxe5+ Rxe5 48. Kf3 b4 49. Nf2 Rc5 50. Nd3 Rc3 51. Rd1 b3 52. Kf4 Ke6 53. e5
Rc4 54. Rb1 b2 55. Kf3 Kd5 56. Ke2 Rc2+ 57. Kf3 Rxh2 58. Kf4 Rd2 59. Nb4+ Ke6
60. Nc6 Bc3 61. Ke4 Rd5 62. Kf4 Kd7 63. Nb4 Rd4+ 64. Kf5 Rxb4 0-1

[Event "?"]
[Site "?"]
[Date "????.??.??"]
[Round "?"]
[White "Stigar, P."]
[Black "Hahn, F."]
[Result "1/2-1/2"]
[WhiteElo "2228"]
[BlackElo "2133"]
[PlyCount "31"]
[EventDate "2014.??.??"]

1. c4 Nf6 2. g3 c5 3. Bg2 Nc6 4. Nf3 g6 5. O-O Bg7 6. Nc3 O-O 7. d4 cxd4 8.
Nxd4 Nxd4 9. Qxd4 d6 10. Qd3 a6 11. Bg5 Rb8 12. Rfd1 Be6 13. Rac1 h6 14. Be3
Ng4 15. Bd4 Ne5 16. Bxe5 1/2-1/2

[Event "?"]
[Site "?"]
[Date "????.??.??"]
[Round "?"]
[White "Karasik, E."]
[Black "Martinsen, S."]
[Result "1-0"]
[WhiteElo "2221"]
[BlackElo "2105"]
[PlyCount "135"]
[EventDate "2014.??.??"]

1. e4 c5 2. Nf3 g6 3. c3 Bg7 4. d4 cxd4 5. cxd4 d5 6. e5 Bg4 7. Bb5+ Nc6 8. O-O
Qb6 9. Nc3 e6 10. Bxc6+ Qxc6 11. h3 Bxf3 12. Qxf3 h6 13. b3 Ne7 14. Ba3 Qd7 15.
Rac1 O-O 16. Qd3 Rfc8 17. Rc2 Rc6 18. Rfc1 Rac8 19. g4 g5 20. Bxe7 Qxe7 21. Ne2
Rxc2 22. Rxc2 Rxc2 23. Qxc2 f6 24. exf6 Bxf6 25. Qg6+ Bg7 26. Kg2 Qf7 27. Qd3
Qf6 28. Qb5 Qf7 29. Qd3 Qf6 30. Qb5 Qf7 31. Qc5 b6 32. Qd6 Qg6 33. f3 Qf7 34.
Kf2 Kh7 35. Ke3 Bf8 36. Qc6 Bg7 37. Qd6 Bf8 38. Qb8 Bg7 39. Qc8 Bh8 40. Qc2+
Kg8 41. Qc8+ Kh7 42. Qa6 Bg7 43. Qd3+ Kg8 44. Qc2 Kh8 45. Qc3 Kg8 46. b4 Bf8
47. b5 Bg7 48. Qc8+ Kh7 49. Qd8 Bf6 50. Qd6 Bg7 51. Qc5 Kg8 52. Qc3 Kh7 53.
Qd3+ Kg8 54. a4 Kh8 55. f4 gxf4+ 56. Nxf4 Bf6 57. Ke2 Bg5 58. Ng6+ Kg7 59. Ne5
Qf6 60. Qf3 Qe7 61. Qd3 Bf4 62. Qg6+ Kf8 63. Nc6 Qh4 64. Qxe6 Qg3 65. Qf6+ Kg8
66. Ne7+ Kh7 67. Qf7+ Kh8 68. Qg8# 1-0

[Event "?"]
[Site "?"]
[Date "????.??.??"]
[Round "?"]
[White "Urban, L."]
[Black "Reinemer, F."]
[Result "1-0"]
[WhiteElo "2064"]
[BlackElo "2203"]
[PlyCount "119"]
[EventDate "2014.??.??"]

1. d4 f5 2. c4 Nf6 3. Nf3 g6 4. g3 Bg7 5. Bg2 O-O 6. O-O d6 7. b3 Qe8 8. Nc3 c6
9. Ba3 h6 10. Qd3 g5 11. e4 fxe4 12. Nxe4 Qg6 13. Nxf6+ Qxf6 14. Rae1 Na6 15.
Bb2 Rf7 16. Qd2 Bf5 17. Re3 Raf8 18. Bc3 Qg6 19. Ne1 Nb8 20. d5 Bxc3 21. Qxc3
c5 22. f3 Bc8 23. Nd3 Qg7 24. Qxg7+ Rxg7 25. Rfe1 Rff7 26. Nf2 Bf5 27. Bh3 Bxh3
28. Nxh3 Nd7 29. Nf2 Ne5 30. Kg2 b6 31. Nd3 Nxd3 32. Rxd3 Rg6 33. Rde3 Kf8 34.
Re6 Rgf6 35. R1e3 Ke8 36. Rxf6 Rxf6 37. Re4 Kf7 38. h4 gxh4 39. Rxh4 Kg6 40.
Re4 Kf7 41. g4 Rg6 42. Kh3 a6 43. Kh4 e5 44. dxe6+ Rxe6 45. Rxe6 Kxe6 46. Kh5
d5 47. cxd5+ Kd6 48. Kxh6 b5 49. Kg5 Kxd5 50. Kf5 c4 51. bxc4+ bxc4 52. g5 c3
53. g6 c2 54. g7 c1=Q 55. g8=Q+ Kd4 56. Qd8+ Kc3 57. Qc7+ Kb2 58. Qxc1+ Kxc1
59. Ke4 a5 60. a4 1-0

[Event "?"]
[Site "?"]
[Date "????.??.??"]
[Round "?"]
[White "Hansch, K."]
[Black "Gungl, T."]
[Result "1-0"]
[WhiteElo "2181"]
[BlackElo "2054"]
[PlyCount "115"]
[EventDate "2014.??.??"]

1. c4 e5 2. g3 Nf6 3. Bg2 d5 4. cxd5 Nxd5 5. Nc3 Nb6 6. Nf3 Nc6 7. O-O Be7 8.
a3 Be6 9. b4 O-O 10. Rb1 f6 11. d3 a5 12. b5 Nd4 13. Nd2 Nd5 14. Bxd5 Bxd5 15.
e3 Be6 16. exd4 Qxd4 17. Nde4 Rfd8 18. Be3 Qxd3 19. Qa4 Qc4 20. Rfc1 Qxa4 21.
Nxa4 Bf5 22. Rc4 b6 23. Ra1 Rac8 24. Nb2 Be6 25. Rc2 h6 26. Nc4 g5 27. Re1 Kf7
28. a4 Bb4 29. Rec1 Ke7 30. Bd2 Bxd2 31. Ncxd2 f5 32. Nc3 Rd7 33. Ne2 Kf6 34.
Kf1 Bd5 35. Nc4 Rcd8 36. Ne3 Bb3 37. Rxc7 Bxa4 38. Rxd7 Rxd7 39. Rc6+ Kf7 40.
Nc3 Bb3 41. Nxf5 a4 42. Nd6+ Kg7 43. Nc4 Rd4 44. Na3 Rb4 45. Rxb6 Bf7 46. Nc2
Rb2 47. Ne3 a3 48. Ra6 a2 49. Kg2 Rb1 50. Nxa2 Rxb5 51. Nf5+ Kh7 52. Ra7 Kg6
53. Rxf7 Rb2 54. Rf8 Rxa2 55. Ne3 Ra4 56. Re8 Kf6 57. Rb8 Ra6 58. Rb6+ 1-0

[Event "?"]
[Site "?"]
[Date "????.??.??"]
[Round "?"]
[White "Tennert, S."]
[Black "Hocke, S."]
[Result "0-1"]
[WhiteElo "2153"]
[BlackElo "2000"]
[PlyCount "78"]
[EventDate "2014.??.??"]

1. Nf3 d5 2. g3 Nf6 3. Bg2 c6 4. O-O Bf5 5. d3 e6 6. Nbd2 Nbd7 7. c3 Qc7 8. Qc2
h6 9. a4 Be7 10. Re1 O-O 11. e4 Bg6 12. Nd4 Bd6 13. N2f3 a6 14. Nh4 Bh7 15. f4
a5 16. Nxe6 fxe6 17. e5 Bxe5 18. fxe5 Ng4 19. Qe2 Ngxe5 20. Bf4 Rxf4 21. gxf4
Nxd3 22. Qxe6+ Kh8 23. Ng6+ Bxg6 24. Qxg6 Nxe1 25. Rxe1 Nf6 26. Qf5 Rd8 27. Re6
Qf7 28. Qe5 Ng4 29. Qe2 Qxf4 30. Bh3 Nf6 31. Re7 Qg5+ 32. Bg2 d4 33. h4 Qc1+
34. Bf1 d3 35. Qe5 d2 36. Rxg7 Qxf1+ 37. Kxf1 d1=Q+ 38. Kg2 Rd2+ 39. Kh3 Qf1+
0-1

[Event "?"]
[Site "?"]
[Date "????.??.??"]
[Round "?"]
[White "ter Steeg, M."]
[Black "Baskin, R."]
[Result "1/2-1/2"]
[WhiteElo "1959"]
[BlackElo "2152"]
[PlyCount "83"]
[EventDate "2014.??.??"]

1. d4 Nf6 2. c4 g6 3. Nc3 Bg7 4. e4 d6 5. Nf3 O-O 6. Be2 e5 7. O-O exd4 8. Nxd4
Re8 9. f3 c6 10. Kh1 Nbd7 11. Bf4 Nh5 12. Bxd6 Qf6 13. Nb3 Nf4 14. Rf2 Nxe2 15.
Rxe2 Ne5 16. c5 h5 17. Nd2 h4 18. h3 Be6 19. Qc2 Bh6 20. Rf1 Bf4 21. Nd1 Qg5
22. Rfe1 Rad8 23. Ne3 b5 24. Ng4 Bxg4 25. fxg4 Re6 26. Rf1 Bxd2 27. Qxd2 Qxd2
28. Rxd2 Nc4 29. Rdf2 Nxd6 30. cxd6 Rd7 31. Rd1 Rexd6 32. Rxd6 Rxd6 33. Rc2 f6
34. Kg1 Kf7 35. Kf2 Ke7 36. Ke3 a5 37. Kf4 g5+ 38. Ke3 Re6 39. Rc5 Kd6 40. Rf5
c5 41. b3 Kc6 42. a4 1/2-1/2

[Event "?"]
[Site "?"]
[Date "????.??.??"]
[Round "?"]
[White "Renger, N."]
[Black "Mager, D."]
[Result "1-0"]
[WhiteElo "1821"]
[BlackElo "2152"]
[PlyCount "95"]
[EventDate "2014.??.??"]

1. e4 c5 2. Nf3 d6 3. d4 cxd4 4. Nxd4 Nf6 5. Nc3 a6 6. Be3 Ng4 7. Bc1 Nf6 8. f3
e5 9. Nb3 Be6 10. Be3 d5 11. exd5 Nxd5 12. Nxd5 Bxd5 13. c4 Bb4+ 14. Kf2 Be6
15. Qxd8+ Kxd8 16. a3 Be7 17. Nc5 Bc8 18. Na4 Nd7 19. Rd1 Kc7 20. Be2 f5 21.
Rd5 b6 22. Rhd1 Rb8 23. f4 Bf6 24. fxe5 Bxe5 25. Rxe5 Nxe5 26. Bf4 Re8 27. Rd5
Bd7 28. Rxe5 Kb7 29. Bf3+ Ka7 30. Rd5 Bxa4 31. Bxb8+ Kxb8 32. Rxf5 Bb3 33. Rf7
Bxc4 34. Rxg7 b5 35. Rb7+ Kc8 36. Rxh7 Rd8 37. Bg4+ Kb8 38. Rd7 Rf8+ 39. Bf3
Rh8 40. h3 Rh6 41. Rd4 Kc7 42. h4 a5 43. h5 Rf6 44. g4 Kb6 45. b4 axb4 46. axb4
Bf7 47. Kg3 Bc4 48. g5 1-0

[Event "?"]
[Site "?"]
[Date "????.??.??"]
[Round "?"]
[White "Knaak, J."]
[Black "Ivanov, A."]
[Result "0-1"]
[WhiteElo "2150"]
[BlackElo "1951"]
[PlyCount "49"]
[EventDate "2014.??.??"]

1. d4 Nf6 2. c4 c5 3. e3 e6 4. Nc3 d5 5. Nf3 Nc6 6. Bd3 Be7 7. O-O O-O 8. cxd5
exd5 9. dxc5 Bxc5 10. h3 a6 11. b3 d4 12. Na4 Ba7 13. exd4 Nxd4 14. Bb2 Ne6 15.
Nc3 b5 16. Ne4 Nd5 17. Ng3 Bb7 18. Be4 Nc5 19. Bf5 Nf4 20. Qc2 h6 21. Rad1 Qb6
22. Bh7+ Kh8 23. Qc3 Nce6 24. Be4 Bxe4 25. Nxe4 0-1

[Event "?"]
[Site "?"]
[Date "????.??.??"]
[Round "?"]
[White "Pirrot, D."]
[Black "Nguyen, H."]
[Result "1-0"]
[WhiteElo "2389"]
[BlackElo "1909"]
[PlyCount "70"]
[EventDate "2014.??.??"]

1. e4 c5 2. d4 cxd4 3. c3 dxc3 4. Nxc3 Nc6 5. Nf3 e6 6. Bc4 Nge7 7. Bg5 f6 8.
Be3 Ng6 9. O-O Be7 10. Nb5 O-O 11. Rc1 a6 12. Nd6 Nce5 13. Nxe5 fxe5 14. Bb3
Nf4 15. Nc4 Ng6 16. Nb6 Rb8 17. Qd2 Kh8 18. Rfd1 d6 19. Nxc8 Rxc8 20. Bxe6 Rc6
21. g3 Qe8 22. Bd5 Rxc1 23. Rxc1 Qd7 24. Qd1 b5 25. b4 Qh3 26. f3 h6 27. Rc6
Rf6 28. Qf1 Qh5 29. Kg2 Kh7 30. Rxa6 Nf4+ 31. gxf4 exf4 32. Bd4 Rg6+ 33. Kh1
Bh4 34. Bf7 Rg1+ 35. Kxg1 Qxf7 1-0

[Event "?"]
[Site "?"]
[Date "????.??.??"]
[Round "?"]
[White "Roos, K."]
[Black "Kleibaumhüter, K."]
[Result "1-0"]
[WhiteElo "2272"]
[BlackElo "2066"]
[PlyCount "113"]
[EventDate "2014.??.??"]

1. e4 e6 2. d4 d5 3. Nd2 c5 4. exd5 Qxd5 5. Ngf3 cxd4 6. Bc4 Qd6 7. O-O Nf6 8.
Nb3 Nc6 9. Nbxd4 Nxd4 10. Nxd4 Be7 11. Nb5 Qc6 12. b3 a6 13. Nd4 Qc7 14. Bb2
O-O 15. Re1 b5 16. Bd3 Bb7 17. Re3 Qf4 18. Rh3 h6 19. Qe2 Bc5 20. Rd1 Rad8 21.
c3 e5 22. Bc1 Qg4 23. f3 Bxf3 24. Rxf3 exd4 25. c4 bxc4 26. bxc4 Rde8 27. Qf1
Nh5 28. Re1 Qh4 29. Rxe8 Rxe8 30. Bd2 Nf6 31. Rh3 Qg4 32. Rg3 Qh4 33. Rh3 Qg4
34. Bxh6 Nh5 35. Bd2 Re6 36. Rf3 Rf6 37. Rxf6 Nxf6 38. h3 Qg3 39. Bf4 Qh4 40.
Qf3 Qe1+ 41. Kh2 Qe6 42. Qa8+ Ne8 43. Be4 Bd6 44. Bxd6 Qxd6+ 45. Kg1 Kf8 46.
Bc6 Qe5 47. Qxe8+ Qxe8 48. Bxe8 Kxe8 49. Kf2 Kd7 50. Ke2 Kd6 51. Kd3 Kc5 52. h4
f5 53. h5 f4 54. a3 a5 55. a4 Kb4 56. Kxd4 Kxa4 57. Kc3 1-0

[Event "?"]
[Site "?"]
[Date "????.??.??"]
[Round "?"]
[White "Rösemann, R."]
[Black "Brendel, B."]
[Result "1-0"]
[WhiteElo "2255"]
[BlackElo "2057"]
[PlyCount "121"]
[EventDate "2014.??.??"]

1. c4 c5 2. g3 g6 3. Bg2 Bg7 4. Nc3 Nc6 5. e4 e6 6. Nge2 Nge7 7. O-O O-O 8. d3
a6 9. Be3 Nd4 10. Qd2 Nec6 11. Bh6 Bxh6 12. Qxh6 Nxe2+ 13. Nxe2 Qf6 14. Qd2 Nd4
15. f4 Nxe2+ 16. Qxe2 Qd4+ 17. Qf2 Qxf2+ 18. Kxf2 d6 19. Rab1 a5 20. Ke3 Rb8
21. d4 cxd4+ 22. Kxd4 b5 23. Rfc1 Ba6 24. Bf1 bxc4 25. Bxc4 Bxc4 26. Rxc4 Rb5
27. b3 d5 28. a4 Rb6 29. exd5 Rd8 30. Rc5 exd5 31. Rxa5 Rb4+ 32. Kc3 Re4 33. b4
Rc8+ 34. Kd3 Rcc4 35. Rxd5 Rxb4 36. Rxb4 Rxb4 37. a5 Ra4 38. Kc3 Kg7 39. Kb3
Ra1 40. Kb4 Kf6 41. Rd3 Ra2 42. Ra3 Rxh2 43. a6 Rb2+ 44. Kc5 Rc2+ 45. Kd6 Rd2+
46. Kc7 Rc2+ 47. Kd7 Rd2+ 48. Ke8 Re2+ 49. Kf8 Rc2 50. Kg8 h5 51. a7 Rc8+ 52.
Kh7 Ra8 53. Ra5 h4 54. gxh4 Ke6 55. Kg7 Ke7 56. Ra6 Ke8 57. Kf6 g5 58. fxg5 Kf8
59. Rb6 Kg8 60. Rb8+ Kh7 61. g6+ 1-0